01039nam a2200241 a 450000100100000000500170001000800410002702000150006804000250008308200080010810000330011624501620014926000700031130000280038149000450040950000730045450400300052770000330055770000300059083000520062095201080067299900170078000004200520201002035859.0131029s2003 sp a 000 0 spa d a8400081404 aDO-SdBNPbspacBNPHU axxx1 aRomero, Elena,d1942-96894710aSeis coplas sefardíes de «Castiguerio» de Hayim Yom-tob Magula :bedición crítica y estudio Elena Romero, con la colaboración de Carmen Valentín. aMadrid :bConsejo Superior de Investigaciones Cientificas,c2003. a332 p. :bil. ;c24 cm.1 aPublicaciones de estudios sefardíesv8 aIncluye referencias bibliográficas y notas al pie de las páginas aBibliografía : p. 13-1612aMagula, Hayim Yom-Tob96894812aValentín, Carmen968949 0aPublicaciones de estudios sefardíesn8968950 001050718MOaGRbGRcCTd2013-10-29iLF1l0oxxx p42005-10r2020-06-25w2020-06-25y1ZNo se presta c41494d41494